000
00296nam a22001337a 4500
008
170401b xxu||||| |||| 00| 0 eng d
020
_a
9780683307764
041
_a
eng
080
_2
2ND
_a
617
100
_a
8
101
_a
SHM
245
_a
OPHTHALMOLOGY WORDS
_c
KOVACS, S
942
_2
udc
_c
BK
999
_c
9374
_d
9374